000 00851nam a2200289 a 4500
001 vtls000185028
003 NLI
005 20210602111157.0
008 101125s1976 ii 001 0 eng
020 _cRs. 65.00
039 9 _y201011252221
_zVLOAD
040 _aNLI
_beng
_cDatasoft 1
_eAACR2
041 0 _aeng
044 _aii
082 0 4 _a323.154
100 1 _aSen, Shila
_9238425
245 1 0 _aMuslim politics in Bengal, 1937-1947 /
_cShila Sen
260 _aNew Delhi :
_bImpex India,
_c1976
300 _aviii, 310 p. ;
_c22 cm.
504 _aIncludes bibliographical references and index
650 0 _aMuslims
_xPolitical activity
_zIndia
_zBengal
_9358544
651 0 _aBengal (India)
_xPolitics and government
_96027
887 _a
901 _aDB30469
_b15.10.1976
902 _aE 323.154 Se 55
942 _2ddc
_cBKS
999 _aVIRTUA40
_c190334
_d190334